| 000 | 00407nam a2200157Ia 4500 | ||
|---|---|---|---|
| 005 | 20250108023300.0 | ||
| 008 | 240331s9999 xx 000 0 und d | ||
| 082 |
_bBHA _a362 |
||
| 100 | _aBhasin, K | ||
| 245 | 0 |
_aIf only someone had broken the Silence : _bsexual violence on children |
|
| 250 | _a1st | ||
| 260 |
_aNew Delhi _c2003 _bSANGAT |
||
| 300 | _a26 p., | ||
| 650 | _aSexual Violence | ||
| 942 | _cL | ||
| 999 |
_c2878 _d2878 |
||